1468 1050 1180 1775 1621 1649 1639 1611 1019 1745 1152 1730 1427 1399 1488 1571 1042 1841 1521 1961 1860 1104 1443 1254 1698 1095 1012 1714 1762 1015 1770 1205 1207 1034 1662 1869 1604 1019 1688 1509 1271 1236 1429 1723 1061 1440 1323 1643 1692 1258 1673 1874 1099 1324 1166 1174 1438 1721 1360 1058 1181 1253 1145 1034 1575 1190 1419 1525 1958 1307 1683 1561 1892 1989 1726 1673 1546 1412 1823 1529 1740 1645 1784 1678 1018 1866 1465 1821 1709 1608 1857 1342 1207 1094 1201 1428 1342 1100 1242 BCNSPRNW ULIB Ver.6.0+V

เปลี่ยนเป็นภาษาไทย

Change to English
 แสดงรายละเอียดบรรณานุกรม
  กลับหน้าหลัก

Brief Record : Get Marc (ISO 2709) : E-mail record : QR code < ปิดหน้าต่าง
LEADER : 00000nam 2200000uu 4500
001    13399125252
003     ULIB
008    161129s2557||||th 000 0 tha d
060 04 ^aW225.JT3^bส691ค
245 00 ^aพันหมื่นดาวมาเล่าขาน /^cสำนักงานหลักประกันสุขภาพแห่งชาติ
246 30 ^aคู่มือหลักประกันสุขภาพแห่งชาติ
250    ^aพิมพ์ครั้งที่ 1
260    ^aนนทบุรี :^bสำนักงาน,^c2557
300    ^a133 หน้า ;^c21 ซม.
500    ^aสำหรับผู้บริหาร/ผู้ปฎิบัติงาน/ผู้สร้างหลักประกันสุขภาพถ้วนหน้า
650  7 ^aบริการสุขภาพ^vเรื่องสั้น
650  7 ^aประกันสุขภาพ^vเรื่องราว
653    ^aหลักประกันสุขภาพแห่งชาติ
710 2  ^aสำนักงานหลักประกันสุขภาพแห่งชาติ
945    ^p0^l0^i001560
999    ^aวรรณษา ชูชัยมงคล
รายการนี้ยังไม่มีแท็ก
คุณยังไม่ได้ล็อกอิน คุณสามารถมีกิจกรรมร่วมกับเว็บไซต์ได้ แต่ต้องล็อกอินก่อน ::
  ล็อกอิน

รายการสื่อสารสนเทศ

ลำดับที่ ประเภท เลขเรียก/บาร์โค้ด สถานที่ สถานะ
1. การศึกษาทั่วไป
การศึกษาทั่วไป
สถานะ=หนังสือเก่า
W225.JT3 ส691ค ฉ.1 
  Barcode: 001560
ห้องสมุดวิทยาเขตสวรรค์ประชารักษ์
►ส่วนจัดเก็บหนังสือเก่า สปร
บนชั้น
  ขอยืม

BibComment


ยังไม่เคยถูกคอมเมนท์

คอมเมนท์ทรัพยากรรายการนี้
  คอมเมนท์: พันหมื่นดาวมาเล่..


 Copyright 2026. Bcnsprnw @Library